| 000 | 01303cam a2200205 4500 | ||
|---|---|---|---|
| 001 | ABS67266 | ||
| 008 | 031128n2003 000 0 eng u | ||
| 035 | _a(Sirsi) u124511 | ||
| 245 | _aCanary Wharf Investments (Three) v Telegraph Group Ltd | ||
| 260 | _c2003 | ||
| 490 |
_aEstates Gazette _v[2003] 46 EG 132-136(4) |
||
| 520 | _a[2003] EWHC 1575 (Ch), 25 June 2003. Defendant tenant (T) held a 25-year underlease of office premises and ancillary car parking areas from claimant landlord (C). There was a dispute between T and C over the hypothetical 25 year term for rent review purposes. C contended that the actual 25 year term ran from 1 April 1992 and the hypothetical terms would have a similar commencement date. T contended the hypothetical term meant 25 years from the notional grant, that is the relevant review date of 1 April 2002. Held that the hypothetical term commenced on 1 April 2002 in accordance with para 1.3 of the underlease, the term referred to ran from the date of the relevant rent review. Permission to appeal granted. | ||
| 590 | _aABS | ||
| 650 | _aCANARY WHARF INVESTMENTS V TELEGRAPH GROUP LTD | ||
| 650 | _aRENT REVIEWS | ||
| 650 | _aHYPOTHETICAL LEASES | ||
| 650 | _a25 YEAR LEASE | ||
| 690 | _aLANDLORD AND TENANT-BUSINESS TENANCIES-CASE LAW | ||
| 942 | _n0 | ||
| 999 |
_c73889 _d73889 |
||